Coulson & Richardson's Chemical Engineering (Record no. 1888)

MARC details
000 -LEADER
fixed length control field 01320cam a2200301 a 4500
001 - CONTROL NUMBER
control field 3033627
003 - CONTROL NUMBER IDENTIFIER
control field OSt
005 - DATE AND TIME OF LATEST TRANSACTION
control field 20180925180247.0
008 - FIXED-LENGTH DATA ELEMENTS--GENERAL INFORMATION
fixed length control field 950607m19969999enka b 001 0 eng
010 ## - LIBRARY OF CONGRESS CONTROL NUMBER
LC control number 95023187
Canceled/invalid LC control number 99036977
020 ## - INTERNATIONAL STANDARD BOOK NUMBER
International Standard Book Number 0750625570 (pbk. : v. 1, 5th ed.)
020 ## - INTERNATIONAL STANDARD BOOK NUMBER
International Standard Book Number 0750625589 (pbk. : v. 6, 2nd ed.)
040 ## - CATALOGING SOURCE
Original cataloging agency DLC
Transcribing agency DLC
Modifying agency DLC
050 00 - LIBRARY OF CONGRESS CALL NUMBER
Classification number TP155
Item number .C69 1996
082 00 - DEWEY DECIMAL CLASSIFICATION NUMBER
Classification number 620 COU 2003
Edition number 20
100 1# - MAIN ENTRY--PERSONAL NAME
Personal name Coulson, J. M.; Richardson, J.F.;
9 (RLIN) 4961
245 10 - TITLE STATEMENT
Title Coulson & Richardson's Chemical Engineering
260 ## - PUBLICATION, DISTRIBUTION, ETC. (IMPRINT)
Place of publication, distribution, etc. Oxford ;
-- Boston :
Name of publisher, distributor, etc. Butterworth-Heinemann,
Date of publication, distribution, etc. 1996-<2005>
300 ## - PHYSICAL DESCRIPTION
Extent <v. 1, 5-6; in 6> :
Other physical details ill. ;
Dimensions 25 cm.
504 ## - BIBLIOGRAPHY, ETC. NOTE
Bibliography, etc Includes bibliographical references and indexes.
650 #0 - SUBJECT ADDED ENTRY--TOPICAL TERM
Topical term or geographic name as entry element Chemical engineering.
9 (RLIN) 4962
856 42 - ELECTRONIC LOCATION AND ACCESS
Materials specified Publisher description
Uniform Resource Identifier http://www.loc.gov/catdir/description/els032/95023187.html
856 41 - ELECTRONIC LOCATION AND ACCESS
Materials specified Table of contents
Uniform Resource Identifier http://www.loc.gov/catdir/toc/els032/95023187.html
906 ## - LOCAL DATA ELEMENT F, LDF (RLIN)
a 7
b cbc
c orignew
d 1
e ocip
f 19
g y-gencatlg
942 ## - ADDED ENTRY ELEMENTS (KOHA)
Source of classification or shelving scheme Other/Generic Classification Scheme
Koha item type Short Loan
Holdings
Withdrawn status Lost status Source of classification or shelving scheme Damaged status Not for loan Home library Current library Date acquired Source of acquisition Inventory number Total Checkouts Full call number Barcode Date last seen Koha item type
    Dewey Decimal Classification     Main Kihumuro Campus Main Kihumuro Campus 27/05/2015 Purchase 03/19932   620 COU 2003 2015-1614 27/05/2015 Open Shelf
    Dewey Decimal Classification     Main Kihumuro Campus Main Kihumuro Campus 27/05/2015 Purchase 03/19933   620 COU 2003 2015-1615 27/05/2015 Open Shelf
    Dewey Decimal Classification     Main Kihumuro Campus Main Kihumuro Campus 27/05/2015 Purchase 03/19931   620 COU 2003 2015-1616 27/05/2015 Open Shelf